| 000 -ლიდერი |
| ფიქსირებული სიგრძის საკონტროლო ველი |
01520nam a22002177a 4500 |
| 003 - საკონტროლო ნომრის იდენტიფიკატორი |
| საკონტროლო ველი |
Ge_BSU |
| 005 - ბოლო ოპერაციის თარიღი და დრო |
| საკონტროლო ველი |
20231215094619.0 |
| 008 - ფიქსირებული სიგრძის მონაცემთა ელემენტები - ზოგადი ინფორმაცია |
| ფიქსირებული სიგრძის საკონტროლო ველი |
231215s2022 ge ||||| |||| 00| 0 geo d |
| 020 ## - წიგნის საერთაშორისო სტანდარტული ნომერი |
| International Standard Book Number |
97899414956 |
| 041 ## - ენის კოდი |
| Language code of text/sound track or separate title |
geo |
| 080 ## - უნივერსალური ათობითი კლასიფიკაციის ინდექსი |
| Universal Decimal Classification number |
635.07+338.43(479.22) a-25 |
| 245 ## - ცნობა სათაურის შესახებ |
| Title |
აგრობიზნესში წარმოებული სოფლის მეურნეობის ზოგიერთი პროდუქციის როლი და მნიშვნელობა ქვეყნის ეკონომიკის მდგრადობაში / |
| Statement of responsibility, etc |
ავტორები: რ. კოპალიანი, ვ. პაპუნიძე, ვ. უგულავა და სხვ; რედ. შ. კაპანაძე; აწსუ. აფხაზეთის მეცნიერებათა ეროვნული აკადემია |
| 264 ## - წარმოების, გამოცემის, დისტრიბუციის და სხვა ცნობები |
| გამოცემის, წარმოების, დისტრიბუციის... ადგილი |
ქუთაისი : |
| გამოცემის, წარმოების, დისტრიბუციის... სახელწოდება |
აწსუ, |
| გამოცემის, წარმოების, დისტრიბუციის... თარიღი |
2033. |
| 300 ## - ფიზიკური აღწერა |
| Extent |
211 გვ.; |
| Other physical details |
29 სმ. |
| 700 ## - ADDED ENTRY--PERSONAL NAME |
| Personal name |
კოპალიანი, რ. |
| Relator term |
ავტორი |
| 9 (RLIN) |
2548 |
| 700 ## - ADDED ENTRY--PERSONAL NAME |
| Personal name |
პაპუნიძე, ვ. |
| Relator term |
ავტორი |
| 9 (RLIN) |
20755 |
| 700 ## - ADDED ENTRY--PERSONAL NAME |
| Personal name |
უგულავა, ვ.და სხვ. |
| Relator term |
ავტორი |
| 9 (RLIN) |
20756 |
| 700 ## - ADDED ENTRY--PERSONAL NAME |
| Personal name |
კაპანაძე, შორენა |
| Relator term |
რედაქტორი |
| 9 (RLIN) |
20757 |
| 710 ## - ADDED ENTRY--CORPORATE NAME |
| Corporate name or jurisdiction name as entry element |
აწსუ |
| Subordinate unit |
აფხაზეთის მეცნიერებათა ეროვნული აკადემია |
| 9 (RLIN) |
20758 |
| 942 ## - ADDED ENTRY ELEMENTS (KOHA) |
| Source of classification or shelving scheme |
|
| Koha item type |
წიგნი |